Person to person : (Record no. 13853)

000 -LEADER
fixed length control field 00683cam a2200217 a 4500
020 ## - INTERNATIONAL STANDARD BOOK NUMBER
ISBN 019434150X (pbk. : v. 1)
020 ## - INTERNATIONAL STANDARD BOOK NUMBER
ISBN 0194341526 (pbk. : v. 2)
020 ## - INTERNATIONAL STANDARD BOOK NUMBER
ISBN 0194341542 (teacher's guide)
040 ## - CATALOGING SOURCE
Transcribing agency DLC
082 00 - DEWEY DECIMAL CLASSIFICATION NUMBER
Classification number 428 OXF 1984 A023 Or.
100 1# - MAIN ENTRY--AUTHOR NAME
Personal name Richards, Jack C.,
245 10 - TITLE STATEMENT
Title Person to person :
Remainder of title communicative speaking and listening skills /
260 ## - PUBLICATION, DISTRIBUTION, ETC. (IMPRINT)
Place of publication New York, N.Y., USA :
Name of publisher Oxford University Press,
Year of publication c1984.
300 ## - PHYSICAL DESCRIPTION
Number of Pages 2 v. :
Other physical details ill. ;
Dimensions 25 cm. +
Accompanying material teacher's guide for books 1 and 2.
650 #0 - SUBJECT ADDED ENTRY--TOPICAL TERM
Topical Term English language
650 #0 - SUBJECT ADDED ENTRY--TOPICAL TERM
Topical Term English language
650 #0 - SUBJECT ADDED ENTRY--TOPICAL TERM
Topical Term Oral communication
650 #0 - SUBJECT ADDED ENTRY--TOPICAL TERM
Topical Term Listening
700 1# - ADDED ENTRY--PERSONAL NAME
Personal name Bycina, David.
942 ## - ADDED ENTRY ELEMENTS (KOHA)
Koha item type សៀវភៅភាសាអង់គ្លេស
952 ## - LOCATION AND ITEM INFORMATION (KOHA)
Withdrawn status [LOCAL, KOHA] 0
Holdings
Permanent Location Date acquired Koha item type Lost status Shelving location Barcode Current Location Full call number
Library Block A2017-08-31សៀវភៅភាសាអង់គ្លេស A024A18774Library Block A428 OXF 1984 A024 Or.
មជ្ឈមណ្ឌលឯការនៃសាកលវិទ្យាល័យភូមិន្ទកសិកម្មចំការដូង

Powered by Koha